Composers by Symphony Nickname - Statistics

General Stats
  • This quiz has been taken 74 times
  • The average score is 10 of 13
Answer Stats
Hint Answer % Correct
Eroica Ludwig van Beethoven
100%
Jupiter Wolfgang Amadeus Mozart
95%
New World Antonín Dvořák
94%
Unfinished Franz Schubert
91%
Pathétique Piotr Ilyich Tchaikovsky
88%
Leningrad Dmitri Shostakovich
82%
Italian Felix Mendelssohn
82%
Resurrection Gustav Mahler
77%
Mercury Franz Joseph Haydn
63%
Rhenish Robert Schumann
63%
Organ Camille Saint-Saëns
57%
Wagner Anton Bruckner
46%
Roma Georges Bizet
20%
No matching quizzes found
Score Distribution
Percent of People with Each Score
Percentile by Number Answered
Your Score History
You have not taken this quiz